000
00276nam a2200109Ia 4500
008
190914s9999||||xx |||||||||||||| ||und||
100
_a
Mano, Kime
245
0
_a
Logic And Computer Design Fundamentals
260
_a
Canada
_b
Tata McGraw Hill
_c
1998
300
_a
381
942
_c
BK
999
_c
9731
_d
9731